000 00583nam a2200169 i 4500
001 87258
003 ES-MaACL
007 t|
008 041220s1914 sp ||||1| spa d
100 1 _aKobatsch, Rudolf.
_968387
245 1 0 _aPolítica económica internacional /
_cpor Rudolf Kobatsch ; adaptada y puesta al día por Guido Pilati ; y vertida al castellano por Antonio Revenga.
260 _aMadrid :
_b[s.n.,
_c1914] (
_fHijos de Reus)
300 _aXXVII, 352 p. ;
_c23 cm.
700 1 _aPilati, Guido.
_992021
700 1 _aRevenga, Antonio.
_996399
852 _aES-MaACL
_jB-5973
999 _c87258
_d87258